Mật mã bí ẩn của thiên nhiên

שמור ב:
מידע ביבליוגרפי
פורמט: ספר
יצא לאור: Thanh niên 1999
תגים: הוספת תג
אין תגיות, היה/י הראשונ/ה לתייג את הרשומה!
Thư viện lưu trữ: Mạng thư viện Đại học Đà Nẵng
LEADER 00535nam a2200217 a 4500
001 000030233
003 332
005 20171030145630.0
008 171030s1999
020 |c 115000 
040 |a LTT 
082 0 |a 570  |b Mâ-M 
245 0 0 |a Mật mã bí ẩn của thiên nhiên  |c Quốc Tín, Phú Nam biên soạn. 
260 |b Thanh niên  |c 1999 
OWN |a LTT 
999 |a From the UDN01 
TYP |a Monograph 
TYP |a Printed language 
980 |a Mạng thư viện Đại học Đà Nẵng